საქართველოს სამოქალაქო საპროცესო კოდექსი ; (ბიბ.ჩანაწერი № 40586)
[ მარტივი ფორმატი ]
| 000 -ლიდერი | |
|---|---|
| ფიქსირებული სიგრძის საკონტროლო ველი | 01113nam a2200265Ia 4500 |
| 001 - საკონტროლო ნომერი | |
| საკონტროლო ველი | 7211 |
| 003 - საკონტროლო ნომრის იდენტიფიკატორი | |
| საკონტროლო ველი | GE_BSU |
| 005 - ბოლო ოპერაციის თარიღი და დრო | |
| საკონტროლო ველი | 20231013125315.0 |
| 008 - ფიქსირებული სიგრძის მონაცემთა ელემენტები - ზოგადი ინფორმაცია | |
| ფიქსირებული სიგრძის საკონტროლო ველი | 181216s2013||||ge |||||||||||||| ||geo|| |
| 040 ## - კატალოგიზაციის წყარო | |
| Transcribing agency | GE_BSU |
| 041 ## - ენის კოდი | |
| Language code of text/sound track or separate title | geo |
| 080 ## - უნივერსალური ათობითი კლასიფიკაციის ინდექსი | |
| Universal Decimal Classification number | 347.9(479.22)(094.4) ს-32 |
| 245 ## - ცნობა სათაურის შესახებ | |
| Title | საქართველოს სამოქალაქო საპროცესო კოდექსი ; |
| Remainder of title | ცვლილებებითა და დამატებებით 2013 წლის 15აპრილამდე. |
| 245 ## - ცნობა სათაურის შესახებ | |
| Remainder of title | . |
| 250 ## - გამოცემის ცნობა | |
| Edition statement | (იურისტის ბიბლიოთეკა) |
| 260 ## - გამოქვეყნების, გავრცელების, და სხვა. ცნობები | |
| Place of publication, distribution, etc | თბილისი. |
| 260 ## - გამოქვეყნების, გავრცელების, და სხვა. ცნობები | |
| Name of publisher, distributor, etc | ბონა კაუზა. |
| 260 ## - გამოქვეყნების, გავრცელების, და სხვა. ცნობები | |
| Date of publication, distribution, etc | 2013. |
| 300 ## - ფიზიკური აღწერა | |
| Extent | 27 5 გვ. ; |
| Dimensions | 20 სმ. |
| 490 ## - სერიის ცნობა | |
| Series statement | (იურისტის ბიბლიოთეკა) |
| 500 ## - ზოგადი შენიშვნა | |
| General note | ანბან. საგნ. საძიებელი გვ. : 261-271 |
| 653 ## - INDEX TERM--UNCONTROLLED | |
| Uncontrolled term | საქართველოს სამოქალაქო საპროცესო კოდექსი 2013 |
| 942 ## - ADDED ENTRY ELEMENTS (KOHA) | |
| Koha item type | წიგნი |
| Source of classification or shelving scheme | |
| ჩამოწერის სტატუსი | დაკარგული ეგზემპლარის სტატუსი | კლასიფიკაციის წყარო ან თაროზე გაწყობის სქემა | დაზიანების სტატუსი | არ გაიცემა | მუდმივი მდებარეობა (დაცვის ადგილი) | ამჟამინდელი ადგილსამყოფელი | თაროზე განთავსების ადგილი | შეძენის თარიღი | ღირებულება, შესყიდვის ნორმალური ფასი | სრული შენახვის შიფრი | შტრიხკოდი | ბოლო ოპერაციის თარიღი | ეგზემპლარის მიმდევრობითი ნომერი (კეტერი?) | ფასის ძალაში შესვლის თარიღი | ეგზემპლარის სახეობა | საჯარო შენიშვნა |
|---|---|---|---|---|---|---|---|---|---|---|---|---|---|---|---|---|
| ბათუმის შოთა რუსთაველის სახელმწიფო უნივერსიტეტის მთავარი ბიბლიოთეკა | ბათუმის შოთა რუსთაველის სახელმწიფო უნივერსიტეტის მთავარი ბიბლიოთეკა | წიგნსაცავი | 2018-12-17 | 12.00 | 347.9(479.22)(094.4) ს-32 | 22854 | 2018-12-17 | 22854 | 2018-12-17 | წიგნი | 12.00 ₾. | |||||
| ბათუმის შოთა რუსთაველის სახელმწიფო უნივერსიტეტის მთავარი ბიბლიოთეკა | ბათუმის შოთა რუსთაველის სახელმწიფო უნივერსიტეტის მთავარი ბიბლიოთეკა | წიგნსაცავი | 2018-12-17 | 12.00 | 347.9(479.22)(094.4) ს-32 | 22855 | 2018-12-17 | 22855 | 2018-12-17 | წიგნი | 12.00 ₾. | |||||
| ბათუმის შოთა რუსთაველის სახელმწიფო უნივერსიტეტის მთავარი ბიბლიოთეკა | ბათუმის შოთა რუსთაველის სახელმწიფო უნივერსიტეტის მთავარი ბიბლიოთეკა | წიგნსაცავი | 2018-12-17 | 12.00 | 347.9(479.22)(094.4) ს-32 | 22856 | 2018-12-17 | 22856 | 2018-12-17 | წიგნი | 12.00 ₾. | |||||
| ბათუმის შოთა რუსთაველის სახელმწიფო უნივერსიტეტის მთავარი ბიბლიოთეკა | ბათუმის შოთა რუსთაველის სახელმწიფო უნივერსიტეტის მთავარი ბიბლიოთეკა | წიგნსაცავი | 2018-12-17 | 12.00 | 347.9(479.22)(094.4) ს-32 | 22857 | 2018-12-17 | 22857 | 2018-12-17 | წიგნი | 12.00 ₾. | |||||
| ბათუმის შოთა რუსთაველის სახელმწიფო უნივერსიტეტის მთავარი ბიბლიოთეკა | ბათუმის შოთა რუსთაველის სახელმწიფო უნივერსიტეტის მთავარი ბიბლიოთეკა | წიგნსაცავი | 2018-12-17 | 12.00 | 347.9(479.22)(094.4) ს-32 | 22858 | 2018-12-17 | 22858 | 2018-12-17 | წიგნი | 12.00 ₾. |
